| 000 | 01425pam a22003734a 4500 | ||
|---|---|---|---|
| 999 |
_c858 _d858 |
||
| 001 | 13701310 | ||
| 003 | OSt | ||
| 005 | 20210211162422.0 | ||
| 008 | 040825s2005 njua b 001 0 eng | ||
| 010 | _a 2004020140 | ||
| 020 | _a0130305197 | ||
| 035 | _a(DNLM)101227992 | ||
| 035 | _a(OCoLC)ocm56404850 | ||
| 040 |
_aDNLM/DLC _cDLC _dYDX _dNLM _dDLC |
||
| 042 | _apcc | ||
| 050 | 0 | 0 |
_aRT48.5 _b.K44 2005 |
| 060 | 0 | 0 | _a2005 B-967 |
| 060 | 1 | 0 |
_aQY 25 _bK26L 2002 |
| 082 | 0 | 0 |
_aQY 25 L521l 2002 _222 |
| 100 | 1 |
_aKee, Joyce LeFever. _92327 |
|
| 245 | 1 | 0 | _aLaboratory and Diagnostic Tests with Nursing Implications |
| 250 | _a6th ed. | ||
| 260 |
_aUpper Saddle River; _bPearson Prentice Hall, _cc2002. |
||
| 300 |
_axxii, 805 p. : _bill. ; _c24cm. |
||
| 504 | _aIncludes bibliographical references and index. | ||
| 505 | 0 | _aLaboratory tests -- Diagnostic tests -- Laboratory/diagnostic assessments of body function -- Therapeutic drug monitoring (TDM) -- School health services : education, screening and testing. | |
| 650 | 0 |
_aLaboratory diagnosis _9904 |
|
| 650 | 0 |
_aNursing. _9135 |
|
| 856 | 4 | 1 |
_3Table of contents _uhttp://www.loc.gov/catdir/toc/ecip0422/2004020140.html |
| 906 |
_a7 _bcbc _corignew _d1 _eecip _f20 _gy-gencatlg |
||
| 942 |
_2z _cSLOAN |
||